Ilia Mihály hatvanéves. A nyugati magyar irodalom szegedi nagykövete
Elmentve itt :
| Szerző: | |
|---|---|
| Adatforrás: | Meister |
| Forrásdokumentuma: | A Hét. - 39 sz., 1994, 8 p. |
| Nyelv: | magyar |
| Kulcsszavak: | évforduló magyar irodalom (nyugati) nyugati magyar irodalom Szeged ILIA Mihály |
| LEADER | 00491nab a2200169 i 4500 | ||
|---|---|---|---|
| 001 | bibPRO00005721 | ||
| 008 | 060524s1994 xx hun | ||
| 040 | |a Sz1 | ||
| 041 | |a hun | ||
| 100 | 1 | |a BORBÁNDI Gyula | |
| 245 | 1 | 0 | |a Ilia Mihály hatvanéves. A nyugati magyar irodalom szegedi nagykövete |c BORBÁNDI Gyula |
| 695 | |a évforduló | ||
| 695 | |a magyar irodalom (nyugati) | ||
| 695 | |a nyugati magyar irodalom | ||
| 695 | |a Szeged | ||
| 695 | |a ILIA Mihály | ||
| 773 | 0 | |t A Hét. - |g 39 sz., 1994, 8 p. | |